000 00738nam0a22002411 4500
001 rc\2768922
005 20250810043556.0
035 _a(NLR Aleph) 006895325
090 _a7190414
_c7190414
100 _a20110915d1941 u y0rusy50 ca
101 0 _arus
102 _aRU
105 _aa z |||||
200 1 _aДействия бойца в ближнем бою
_eПамятка
_fСост.: КУНС ФО КА
210 _a[Ленинград]
_cИскусство
_d1941
215 _a54, [1] c.
_cил.
_d17 см.
801 0 _aRU
_bNLR
_gpsbo
801 1 _aRU
_bELAR
_2rusmarc
852 _aNLR
_jВ60 Г-2/801
942 _cBOOK
945 _aРоссийская национальная библиотека
980 _aNB
980 _aBV